Visión integral del turismo:fenómeno dinámico universal (Registro nro. 10270)
[ vista simple ]
| 000 -CABECERA | |
|---|---|
| campo de control de longitud fija | 00823nam a22002897a 4500 |
| 005 - FECHA Y HORA DE ACTUALIZACIÓN | |
| campo de control | 20180116133634.0 |
| 008 - LONGITUD FIJA | |
| campo de control de longitud fija | 180116b xxu||||| |||| 00| 0 spa d |
| 041 ## - IDIOMA | |
| Código de idioma del texto/pista de sonido o título separado | |
| 082 ## - CLASIFICACIÓN DECIMAL DEWEY | |
| Número de clasificación | 1.0.56 R173v |
| 100 ## - AUTOR PERSONAL | |
| Nombre de persona | Ramírez Cavassa, Cersar |
| 245 ## - TÍTULO PROPIAMENTE DICHO | |
| Título | Visión integral del turismo:fenómeno dinámico universal |
| 260 ## - PIE DE IMPRENTA | |
| Lugar de publicación, distribución, etc. | México |
| 260 ## - PIE DE IMPRENTA | |
| Nombre del editor, distribuidor, etc. | Trillas |
| 260 ## - PIE DE IMPRENTA | |
| Fecha de publicación, distribución, etc. | 2006 |
| 300 ## - DESCRIPCIÓN FÍSICA | |
| Extensión | 239 páginas |
| 650 ## - Materia General | |
| Materia general | TURISMO |
| 650 ## - Materia General | |
| Materia general | PAZ |
| 650 ## - Materia General | |
| Materia general | DESARROLLO TURÍSTICO |
| 650 ## - Materia General | |
| Materia general | PRODUCTO TURÍSTICO |
| 650 ## - Materia General | |
| Materia general | POLÍTICA TURÍSTICA |
| 650 ## - Materia General | |
| Materia general | IMPACTO AMBIENTAL |
| 650 ## - Materia General | |
| Materia general | IMPACTO SOCIOLÓGICO | |
| 650 ## - Materia General | |
| Materia general | FACTOR HUMANO |
| 650 ## - Materia General | |
| Materia general | CONSUMO TURÍSTICO |
| 650 ## - Materia General | |
| Materia general | OFERTA TURÍSTICA |
| 942 ## - Punto de Acceso Adicional Koha | |
| Tipo de ítem Koha | Libro |
| Estado perdido | Estado dañado | No para préstamo | Biblioteca permanente | Biblioteca actual | Signatura completa | Código de barras | Precio efectivo a partir del | Tipo de ítem |
|---|---|---|---|---|---|---|---|---|
| Departamento de Biblioteca y Documentación Alfonso Chase Brenes | Departamento de Biblioteca y Documentación Alfonso Chase Brenes | 1.0.56 R173v | 12942 | 16/01/2018 | Libro | |||
| Departamento de Biblioteca y Documentación Alfonso Chase Brenes | Departamento de Biblioteca y Documentación Alfonso Chase Brenes | 1.0.56 R173v | 12943 | 16/01/2018 | Libro | |||
| Departamento de Biblioteca y Documentación Alfonso Chase Brenes | Departamento de Biblioteca y Documentación Alfonso Chase Brenes | 1.0.56 R173v | 14704 | 16/01/2018 | Libro |